| 000 | 00375nam a2200145Ia 4500 | ||
|---|---|---|---|
| 008 | 230917s9999||||xx |||||||||||||| ||und|| | ||
| 040 |
_e62940 _aMAIN |
||
| 041 | _aEnglish | ||
| 082 | _a320.072 S92I | ||
| 100 | _aShull, Steven A | ||
| 245 | 0 | _aInterrlated concepts in policy research | |
| 260 |
_aBeverly Hills _bSage Publications _c1977 |
||
| 300 | _a76 p. | ||
| 942 | _cBK | ||
| 999 |
_c222927 _d222927 |
||